000 00877nam a2200289Ia 4500
001 Z_2020
003 CHAP
008 220113s1997 xx 000 0 und d
010 _a165093
040 _cCHAP
090 _aFolleto 348
100 _aMuñoz Rodríguez, Manrubio
_9139120
245 _aTLC y lácteos : ¿funciona el experimento? /
_cpor Manrubio Muñoz Rodríguez, María del Rosario Juárez Delfina y J. Reyes Altamirano Cárdenas
260 _aChapingo, Méx. :
_bUACH. CIESTAAM,
_c1997
300 _a18 p. : gráfs
440 _a
500 _a
503 _a
650 _aProductos lácteos
_xMercadeo I. Juárez Delfina, Ma. del Rosario II. Altamirano Cárdenas, J. Reyes
_9139121
650 _aTratado Trilateral de Libre Comercio
901 _aFolleto 348
902 _aA
910 _a1997
942 _cc14
942 _cc14
999 _c165093
_d165093